000
00270nam a22001097a 4500
008
170113b xxu||||| |||| 00| 0 eng d
020
_a
9780763740382
041
_a
eng
080
_a
618.2
245
_a
THE CLINICAL NURSE SPECIALIST HANDBOOK
_c
ZUZELO, P.R
942
_2
udc
_c
BK
999
_c
2857
_d
2857